| 000 | 00620cam a2200181Ki 4500 | ||
|---|---|---|---|
| 082 |
_a623.114 _bSWI |
||
| 100 | 1 |
_aSwindell, John George. _942752 |
|
| 245 | 1 | 0 |
_aRudimentary treatise on wells and well-sinking _cby John G. Swindell and G.R. Burnell ; with illustrations. |
| 250 | _aRev. ed. / | ||
| 260 |
_aLondon : _bC. Lockwood & Co., _c1886. |
||
| 300 | _a1 online resource (166 p.) | ||
| 526 |
_a0 _b0 _c0 _d623_114000000000000_SWI |
||
| 650 | 0 |
_aMCE _9379 |
|
| 650 | 0 |
_aWells. _925107 |
|
| 700 | 1 |
_aBurnell, G. R. _942753 |
|
| 856 | 4 | 0 | _uhttp://catalog.hathitrust.org/api/volumes/oclc/11792258.html |
| 942 |
_2ddc _cBK |
||
| 999 |
_c546599 _d546599 |
||